000 00630nam a2200205Ia 4500
003 SISC
005 20181010154750.0
008 180815s9999 xx 000 0 und d
020 _a9789711504199
050 _aKPM 900.
_b.G63 2015
100 _aGomez-Somera, Stephanie V.
245 _cStephanie V. Gomez-Somera.--
_aCredit transactions :
_bnotes and cases /
250 _a2nd ed
260 _aQuezon City :
_bUniversity of the Philippines
_c2015
300 _axvi, 504 pages.
440 _vvol 2
650 _aCredit -- Law and legislation -- Philippines.
650 _aSecurity (Law) -- Philippines.
942 _2lcc
_cBK
999 _c358316
_d358316